000 00536nam a2200229Ia 4500
003 IT-RoPAU
008 120407s9999 xx 000 0 und d
040 _aIT-RoPAU
040 _cIT-RoPAU
041 _afra
100 _aJean Colson
245 _aL’épiscopat catholique. Collegialité et primauté dans les trois siècles de l’Eglise.
250 _aParis
260 _aDu Cerf
260 _c1963
300 _a136 p.
300 _c22 cm
490 _aUnam sanctam, 43
490 _v1
942 _cBK
999 _c25404
_d25404